000 00249nam a2200097Ia 4500
001 1206728
005 20251013104638.0
008 250824s9999 xx 000 0 und d
245 0 _aKUMRAL ADA MAVİ TUNA
_cBUKET UZUNER
260 _bEVEREST YAYINLARI
999 _c1206728
_d1206728